Spotify 歴代再生回数ランキングTOP100 - Statistics

General Stats
  • This quiz has been taken 19 times
  • The average score is 40 of 100
Answer Stats
順位 アーティスト Answer 再生回数 % Correct
1位 YOASOBI 夜に駆ける 6億3500万
94%
3位 LiSA 紅蓮華 4億6500万
82%
4位 Eve 廻廻奇譚 4億4500万
82%
6位 YOASOBI アイドル 4億2900万
82%
2位 藤井風 死ぬのがいいわ 6億3000万
76%
25位 藤井風 きらり 2億3600万
76%
34位 米津玄師 Lemon 2億1800万
76%
17位 Official髭男dism Pretender 2億6100万
76%
8位 Mrs.GREEN APPLE インフェルノ 3億6400万
71%
11位 YOASOBI 怪物 3億4400万
71%
16位 優里 ドライフラワー 2億8700万
65%
30位 Mrs.GREEN APPLE 青と夏 2億2500万
65%
44位 LiSA 1億9200万
65%
43位 Tani Yuuki W/X/Y 1億9600万
65%
12位 YOASOBI 群青 3億4300万
59%
14位 KANA-BOON シルエット 3億1200万
59%
19位 Aimer 残響散歌 2億5299万
59%
37位 King Gnu 白日 2億1000万
59%
84位 Mrs.GREEN APPLE ケセラセラ 1億3770万
59%
90位 Official髭男dism ノーダウト 1億3580万
59%
46位 Official髭男dism I Love… 1億8700万
59%
7位 米津玄師 KICK BACK 4億1100万
59%
98位 RADWIMPS 前前前世-movie ver. 1億3110万
59%
23位 Vaundy 怪獣の花唄 2億3900万
53%
36位 Ado うっせぇわ 2億1600万
53%
38位 back number 水平線 2億840万
53%
40位 Mrs.GREEN APPLE ダンスホール 2億490万
53%
48位 YOASOBI ハルジオン 1億8290万
53%
51位 あいみょん マリーゴールド 1億7700万
53%
58位 Ado 1億6500万
53%
66位 Ado 1億5800万
53%
15位 imase NIGHT DANCER 2億9000万
53%
33位 なとり Overdose 2億2100万
53%
18位 いきものがかり ブルーバード 2億5699万
47%
22位 米津玄師 ピースサイン 2億4200万
47%
26位 ヨルシカ ただ君に晴れ 2億3500万
47%
28位 Ado 新時代 2億2700万
47%
39位 優里 ベテルギウス 2億830万
47%
56位 Saucy Dog シンデレラボーイ 1億6900万
47%
63位 Daoko , 米津玄師 打上花火 1億6000万
47%
83位 米津玄師 感電 1億3775万
47%
91位 DISH// 1億3540万
47%
68位 宇多田ヒカル First Love 1億5300万
47%
81位 緑黄色社会 Mela! 1億3860万
47%
70位 RADWIMPS スパークル-movie ver. 1億4900万
47%
5位 Teriyaki Boys Tokyo Drift 4億3600万
47%
13位 TK from 凛として時雨 unravel 3億3400万
47%
29位 キタニタツヤ 青のすみか 2億2599万
41%
55位 マカロニえんぴつ なんでもないよ、 1億7020万
41%
65位 Official髭男dism ミックスナッツ 1億5930万
41%
75位 あいみょん 裸の心 1億4400万
41%
20位 Official髭男dism Cry Baby 2億5000万
41%
50位 Official髭男dism Subtitle 1億8100万
41%
27位 YOASOBI たぶん 2億3199万
35%
45位 Vaundy 踊り子 1億9000万
35%
47位 RADWIMPS , 十明 すずめ 1億8600万
35%
64位 YOASOBI 祝福 1億5960万
35%
67位 Vaundy 不可幸力 1億5400万
35%
72位 back number 高嶺の花子さん 1億4820万
35%
78位 Ado 逆光 1億4100万
35%
87位 ヒグチアイ 悪魔の子 1億3660万
35%
99位 川崎鷹也 魔法の絨毯 1億3080万
35%
80位 椎名もた 少女A 1億3910万
35%
96位 Mrs.GREEN APPLE Soranji 1億3210万
35%
21位 King Gnu SPECIALZ 2億4800万
35%
59位 yama 春を告げる 1億6300万
29%
69位 きくお 愛して 愛して 愛して 1億5200万
29%
71位 藤井風 まつり 1億4827万
29%
79位 King Gnu 一途 1億3970万
29%
95位 Awesome 勿忘 1億3240万
29%
10位 松原みき 真夜中のドア〜Stay With Me 3億5500万
29%
52位 美波 カワキヲアメク 1億7500万
24%
60位 YOASOBI あの夢をなぞって 1億6190万
24%
100位 あいみょん 君はロックを聴かない 1億3030万
24%
32位 Official髭男dism 115万キロのフィルム 2億2300万
24%
9位 Creepy Nuts Bring-Bang-Bang-Born 3億6200万
24%
42位 LiSA crossing field 2億200万
24%
85位 Novelbright Walking with you 1億3740万
24%
41位 Linked Horizon 心臓を捧げよ! 2億430万
18%
53位 Linked Horizon 紅蓮の弓矢 1億7130万
18%
77位 物語シリーズ 恋愛サーキュレーション 1億4220万
18%
94位 星野源 喜劇 1億3290万
18%
97位 Mrs.GREEN APPLE ロマンチシズム 1億3130万
18%
35位 THE ORAL CIGARETTES 狂乱 HEY Kids!! 2億1700万
18%
61位 Goose house 光るなら 1億6180万
12%
92位 RADWIMPS 夢灯籠 1億3530万
12%
93位 優里 シャッター 1億3510万
12%
31位 ビッケブランカ Black Catcher 2億2400万
12%
89位 FLOW Sign 1億3654万
12%
49位 ビッケブランカ Black Rover 1億8220万
6%
62位 ALI , AKLO LOST IN PARADISE 1億6110万
6%
74位 平井大 Stand by me,Stand by you. 1億4600万
6%
54位 SiM The Rumbling 1億7100万
6%
57位 ONE OK ROCK Wherever you are 1億6800万
6%
24位 Mrs.GREEN APPLE , 井上苑子 点猫の唄 2億3800万
0%
82位 ギヴン 冬のはなし 1億3780万
0%
88位 Coda(小田和奏) BLOODY STREAM 1億3657万
0%
76位 BURNOUT SYNDROMES FLY HIGH!! 1億4240万
0%
86位 XG LEFT RIGHT 1億3710万
0%
73位 XG SHOOTING STAR 1億4800万
0%
No matching quizzes found
Score Distribution
Percent of People with Each Score
Percentile by Number Answered
Your Score History
You have not taken this quiz